000 01174cam a2200277Mu 4500
001 fruitofpoppy00wild
003 CaSfIA
005 20210118084912.0
007 cr||||
008 940426s1965 enk 001 0 eng d
040 _aSZT
_cSZT
_dOCLCG
_dCaSfIA
035 _a(OCoLC)123755098
100 1 _aWilder, Robert,
_d1901-1974.
245 1 0 _aFruit of the poppy /
_h[electronic resource]
_cRobert Wilder.
260 _aLondon :
_bCompanion Book Club,
_cc1965.
300 _a256 p.
029 1 _aUNITY
_b080662269
029 1 _aUKWLT
_b160417
029 1 _aUNITY
_b091729041
029 1 _aUKYLI
_bCX0224638X
856 4 1 _uhttp://www.archive.org/details/fruitofpoppy00wild
_zFree eBook from the Internet Archive
856 4 2 _uhttp://www.openlibrary.org/books/OL24369471M
_zAdditional information and access via Open Library
942 _cEB
506 _fНеобхідна авторизація на https://archive.org/ (створення облікового запису безкоштовно)
506 _fНеобхідна авторизація на https://openlibrary.org/ (створення облікового запису безкоштовно)
999 _c499434
_d499434